Národnostná otázka v Uhorsku jako - kšeft. Anglický leták

Bibliographic Details
Main Author: Veridicus, 1873-1963 (Author)
Corporate Author: Europa (Budapešť, Maďarsko) (Printer)
Format: Book
Language:Slovak
English
PhysicalDescription:30 strán 23 x 16 cm
Published: Budapešti Tlačou knihtlačiarne účastinárskej spoločnosti "Europa" [1910]
Subjects:

MARC

LEADER 00000nam a2200000 a 4500
001 vtls008551444
003 SK-MaSNL
005 20260504120052.0
008 240318e hu g slo
035 |a SAVUKc141236 
040 |a SNK  |b slo  |c SNK  |e AACR2 
041 1 |a slo  |h eng 
044 |a hu  |c HU 
072 7 |a  32  |x Politika  |2 konspekt 
080 |a 32  |2 2011 
080 |a  655.3.066.11   |2 2011 
100 1 |a Veridicus,  |d 1873-1963  |4 aut  |9 55362 
245 1 0 |a Národnostná otázka v Uhorsku jako - kšeft.  |b Anglický leták  |c Veridicus (Pravdomluv) 
264 1 |a Budapešti  |b Tlačou knihtlačiarne účastinárskej spoločnosti "Europa"  |c [1910] 
300 |a 30 strán  |c 23 x 16 cm 
336 |a  text   |b txt  |2  rdacontent 
337 |a bez média  |b n  |2  rdamedia 
338 |a zväzok  |b nc  |2  rdacarrier 
561 |a Okrúhla pečiatka: Knihoven Matice Slovenskej  |3 snkSC 537/10 
563 |a hnedá koža  |5 snkSC 537/10 
563 |a hnedá kartónová  |5 snkSC 537/10 D1 
650 0 7 |a politika  |2 SNKPH  |9 968 
650 0 7 |a letáky  |2 SNKPH  |9 24986 
710 0 |a  Europa (Budapešť, Maďarsko)   |4 prt  |9 1638105 
752 |a Maďarsko  |d Budapešť 
852 |a snk  |p snkSC 537/10; snkSC 537/10 D1 
958 |a DF 
999 |c 565360  |d 567290 
952 |a SNK  |b SNK  |y PREZ  |7 0  |p 17A0532086  |o snkSC 537/10 D1  |i snkF 2017/65  |8 5  |3 rekatalogizácia  |0 0  |1 0  |4 0  |d 2007-02-01  |l 0  |r 2026-02-23 13:56:00  |w 2026-02-23 
952 |a SNK  |b SNK  |c SNK_KF  |y PREZ  |7 8  |p 17A0714334  |o snkSC 537/10  |i snk 3764/28  |8 5  |g 0.00  |0 0  |1 0  |2 udc  |4 0  |d 2026-05-04  |l 0  |r 2026-05-04 11:53:07  |w 2026-05-04